स्त्री सशक्तिकरण;एक मूल्यांकन/ (Record no. 198764)

MARC details
000 -LEADER
fixed length control field 00773nam a22001817a 4500
005 - DATE AND TIME OF LATEST TRANSACTION
control field 20231130162256.0
010 ## - LCCN (DPL NO)
LC control number HIN-126131
020 ## - INTERNATIONAL STANDARD BOOK NUMBER
International Standard Book Number 9788188671327
Terms of availability 450.00
035 ## - SYSTEM CONTROL NUMBER
System control number HN-98477
037 ## - SOURCE OF ACQUISITION
Source of stock number/acquisition DBAD/PUB
082 ## - DEWEY DECIMAL CLASSIFICATION NUMBER
Classification number 305.4
100 ## - MAIN ENTRY--PERSONAL NAME
Personal name निशांत सिंह
245 ## - TITLE STATEMENT
Title स्त्री सशक्तिकरण;एक मूल्यांकन/
Statement of responsibility, etc निशांत सिंह
260 ## - PUBLICATION, DISTRIBUTION, ETC. (IMPRINT)
Place of publication, distribution, etc दिल्ली
Name of publisher, distributor, etc मंगल प्रकाशन
Date of publication, distribution, etc 2020
270 ## - ADDRESS
City दिल्ली
Address एफ-96,वेस्ट ज्योतिनगर कर्दमपूरी मार्ग
Postal code 110094
300 ## - PHYSICAL DESCRIPTION
Extent 239पृ.
Dimensions 23 सेमी (सजिल्द )
942 ## - ADDED ENTRY ELEMENTS (KOHA)
Source of classification or shelving scheme Dewey Decimal Classification
Item type Hindi Books
Classification part 305.4
Call number suffix निशांत
Holdings
Withdrawn status Lost status Not for loan Collection code Home library Current library Date acquired Source of acquisition Cost, normal purchase price Full call number Barcode Copy number Cost, replacement price Koha item type
      Non-fiction Vinoba Puri Vinoba Puri 16/10/2023 DBAD/PUB 450.00 305.4 निशांत HN-98477 1 450.00 Hindi Books

© Delhi Public Library
Hit Counter
free hit counter